| 000 | 00691nam a2200241 a 4500 | ||
|---|---|---|---|
| 001 | 23635 | ||
| 003 | BD-RjUL | ||
| 005 | 20211209000943.0 | ||
| 008 | 140311s19501961enk 001 0aeng d | ||
| 035 | _a(BD-RjUL)23700 | ||
| 040 |
_aCOF _cCOF _dm.c _dEQO _dBD-RjUL _beng |
||
| 041 | _aeng | ||
| 082 | 0 | 0 |
_a335.14092241 _bWEM 1950 |
| 090 |
_aHX246 _b.W35 1940z |
||
| 100 | 1 |
_aWebb, Beatrice, _d1858-1943. _916869 |
|
| 245 | 1 | 0 |
_aMy apprenticeship / _cby Beatrice Webb |
| 260 |
_aLondon ; _aNew York : _bLongmans, Green, _c1950 |
||
| 300 |
_axii, 389 p. ; _c22 cm |
||
| 500 | _aIncludes index | ||
| 600 | 0 |
_aWebb, Beatrice, _d1858-1943 _916869 |
|
| 942 |
_2ddc _cBK |
||
| 999 |
_c23635 _d23635 |
||